00000000nam 2200000zi 4500
0019.939817
003CaOODSP
00520240625162845
006m     o  d f      
007cr mn|||||||||
008240625s1989    onca    o    f000 0 fre d
040 |aCaOODSP|bfre|erda|cCaOODSP
043 |an-cn---
0861 |aEn21-78/1989F-PDF
24503|aDix années de succès : |brecherche et développement dans le domaine de l'environnement et de l'énergie.
264 1|a[Ottawa] : |bGouvernement du Canada, |c[1989]
300 |a1 ressource en ligne (28 pages) : |billustrations en couleur
336 |atexte|btxt|2rdacontent/fre
337 |ainformatique|bc|2rdamedia/fre
338 |aressource en ligne|bcr|2rdacarrier/fre
500 |aÉdition numérisée de l’imprimé [par Environnement et changement climatique Canada].
500 |aPublié aussi en anglais sous le titre : A decade of achievement : environment and energy research & development.
650 6|aEnvironnement|xProtection|xRecherche|zCanada.
650 6|aEnvironnement|xPolitique gouvernementale|xRecherche|zCanada.
650 6|aPollution|xRecherche|zCanada.
650 6|aRessources énergétiques|xRecherche|zCanada.
7101 |aCanada. |bEnvironnement Canada, |eorganisme de publication.
77508|tA decade of achievement : |w(CaOODSP)9.930516
85640|qPDF|s22.16 Mo|uhttps://publications.gc.ca/collections/collection_2024/eccc/En21-78-1989-fra.pdf